Wealden District Council v Martin Grant Homes Ltd and others (Record no. 76154)

MARC details
000 -LEADER
fixed length control field 02008cab a2200217 4500
001 - CONTROL NUMBER
control field ##L131544
008 - FIXED-LENGTH DATA ELEMENTS--GENERAL INFORMATION
fixed length control field 051114n2005 000 0 eng u
035 ## - SYSTEM CONTROL NUMBER
System control number (Sirsi) u131544
041 0# - LANGUAGE CODE
Language code of text/sound track or separate title eng
245 00 - TITLE STATEMENT
Title Wealden District Council v Martin Grant Homes Ltd and others
260 ## - PUBLICATION, DISTRIBUTION, ETC.
Date of publication, distribution, etc. 2005
520 ## - SUMMARY, ETC.
Summary, etc. [2005] EWCA Civ 1221, 31 October 2005. Concerns the circumstances in which a local authority has the right to withdraw its local plan. Appeal by W against the quashing of its decision to abandon its emerging local plan review ([2005] EWHC 453 (Admin), (2005) 11 EG 180 (CS)). W had abandoned the process leading to the review of its existing local plan and decided instead to work towards producing the local development documents required under the Planning and Compulsory Purchase Act 2004. M, who wished to develop houses on land not allocated for development, applied successfully for judicial review of W's decision, arguing that the exceptional circumstances required for the withdrawal of the plan were not present in this case. "Held": appeal allowed. The existence of a power in the local authority to withdraw the emerging local plan was implicit in the scheme of the Town and Country Planning Act 1990. Nothing in Sched 8 para 10 to the 2004 Act restricted W's power to withdraw the revised plan before adoption and W had not acted contrary to the transitional provisions contained in para 10. M's application for judicial review was dismissed.
590 ## - LOCAL NOTE (RLIN)
Local note IKA221105
650 24 - SUBJECT ADDED ENTRY--TOPICAL TERM
Topical term or geographic name entry element TOWN AND COUNTRY PLANNING ACT 1990
650 24 - SUBJECT ADDED ENTRY--TOPICAL TERM
Topical term or geographic name entry element PLANNING AND COMPULSORY PURCHASE ACT 2004 SCHED 8 PARA 10
650 24 - SUBJECT ADDED ENTRY--TOPICAL TERM
Topical term or geographic name entry element PERSIMMON HOMES (THAMES VALLEY) LTD V NORTH HERTFORDSHIRE DC
650 24 - SUBJECT ADDED ENTRY--TOPICAL TERM
Topical term or geographic name entry element WEALDEN DC V MARTIN GRANT HOMES LTD AND OTHERS
690 ## - LOCAL SUBJECT ADDED ENTRY--TOPICAL TERM (OCLC, RLIN)
Topical term or geographic name as entry element ENVIRONMENTAL AND LAND CONSULTANCY-PLANNING AND DEVELOPMENT-PLANNING GUIDANCE-LOCAL DEVELOPMENT PLANS
856 40 - ELECTRONIC LOCATION AND ACCESS
Uniform Resource Identifier <a href="https://www.bailii.org/ew/cases/EWCA/Civ/2005/1221.html ">https://www.bailii.org/ew/cases/EWCA/Civ/2005/1221.html </a>
Public note View the judgment free of charge at www.bailii.org...
942 ## - ADDED ENTRY ELEMENTS (KOHA)
Suppress in OPAC 0
Holdings
Withdrawn status Lost status Source of classification or shelving scheme Damaged status Not for loan Home library Current library Shelving location Date acquired Total Checkouts Full call number Barcode Date last seen Copy number Price effective from Koha item type
    Dewey Decimal Classification     Virtual Virtual Online 14/11/2005   ONLINE PUBLICATION 131544-2001 06/08/2019 1 06/08/2019 Law report